Архитектура вычислительных систем и компьютерных сетей (Запись № 755361)

Подробности
000 -МАРКЕР
контрольное поле 02636nam0a2200421 4500
001 - ИДЕНТИФИКАТОР ЗАПИСИ
контрольное поле RU\NLR\bibl\1043093
005 - ИДЕНТИФИКАТОР ВЕРСИИ
контрольное поле 20260405104246.0
010 ## - МЕЖДУНАРОДНЫЙ СТАНДАРТНЫЙ НОМЕР КНИГИ (ISBN)
Ошибочный ISBN 978-5-469-01451-5
Тираж 3000
021 ## - НОМЕР ГОСУДАРСТВЕННОЙ РЕГИСТРАЦИИ
Код страны российская федерация
Номер 2006-84391
Номер Листа государственной регистраци 4274
035 ## - ДРУГИЕ СИСТЕМНЫЕ НОМЕРА
Идентификатор записи (nilc)RSL-KNO-003013789
035 ## - ДРУГИЕ СИСТЕМНЫЕ НОМЕРА
Идентификатор записи (NLR Aleph) 001030480
100 ## - ДАННЫЕ ОБЩЕЙ ОБРАБОТКИ
Данные общей обработки 20061222d2007 |||y0rusy50 ca
101 0# - ЯЗЫК РЕСУРСА
Язык текста, звукозаписи и т.д. русский
102 ## - СТРАНА ПУБЛИКАЦИИ ИЛИ ПРОИЗВОДСТВА
Страна публикации российская федерация
105 ## - ПОЛЕ КОДИРОВАННЫХ ДАННЫХ: ТЕКСТОВЫЕ МАТЕРИАЛЫ, МОНОГРАФИЧЕСКИЕ
Кодированные данные о монографическом текстовом документе y |||||||||
106 ## - ПОЛЕ КОДИРОВАННЫХ ДАННЫХ: ТЕКСТОВЫЕ РЕСУРСЫ – ФОРМА
Форма ресурса: кодированные данные: обозначение носителя r
200 1# - ЗАГЛАВИЕ И СВЕДЕНИЯ ОБ ОТВЕТСТВЕННОСТИ
Основное заглавие Архитектура вычислительных систем и компьютерных сетей
Сведения, относящиеся к заглавию учебное пособие для студентов высших учебных заведений, обучающихся по направлению и специальности "Прикладная математика и информатика" (010200 и по направлению "Прикладная математика и информатика (510200)
Первые сведения об ответственности А. Н. Степанов
210 ## - ПУБЛИКАЦИЯ, РАСПРОСТРАНЕНИЕ И ДР.
Место издания, распространения и т.д. Москва [и др.]
Имя издателя, распространителя и т. д. Питер
Дата издания, распространения и т.д. 2007 [т.е. 2006]
Место изготовления СПб.
Имя изготовителя Печатный двор им. А. М. Горького
215 ## - ФИЗИЧЕСКАЯ ХАРАКТЕРИСТИКА
Специфическое обозначение материала и объем 508 с.
Размеры 24
225 1# - СЕРИЯ
Основное заглавие серии Учебное пособие
300 ## - ОБЩИЕ ПРИМЕЧАНИЯ
Текст примечания Кн. фактически изд. в 2006 г.
300 ## - ОБЩИЕ ПРИМЕЧАНИЯ
Текст примечания На тит.л.: Издательская программа 300 лучших учебников для высшей школы
320 ## - ПРИМЕЧАНИЯ О НАЛИЧИИ В ДОКУМЕНТЕ БИБЛИОГРАФИИ / УКАЗАТЕЛЯ
Текст примечания Библиогр.: с. 493-495
320 ## - ПРИМЕЧАНИЯ О НАЛИЧИИ В ДОКУМЕНТЕ БИБЛИОГРАФИИ / УКАЗАТЕЛЯ
Текст примечания Алф. указ.: с. 496-508
606 1# - НАИМЕНОВАНИЕ ТЕМЫ КАК ПРЕДМЕТ
Наименование темы Вычислительные системы
Формальный подзаголовок Учебные издания для высших учебных заведений
Тематический подзаголовок Архитектура
Системный номер авторитетной/нормативной записи 1319876
Идентификатор авторитетной/нормативной записи RU\NLR\auth\66232320
606 1# - НАИМЕНОВАНИЕ ТЕМЫ КАК ПРЕДМЕТ
Наименование темы Вычислительные сети
Формальный подзаголовок Учебные издания для высших учебных заведений
Тематический подзаголовок Архитектура
Системный номер авторитетной/нормативной записи 2225657
Идентификатор авторитетной/нормативной записи RU\NLR\auth\661336132
610 0# - НЕКОНТРОЛИРУЕМЫЕ ПРЕДМЕТНЫЕ ТЕРМИНЫ
Предметный термин Вычислительная техника -- Вычислительные машины электронные цифровые -- Вычислительные системы и сети -- Проектирование. Архитектура -- Учебник для высшей школы
686 ## - ИНДЕКСЫ ДРУГИХ КЛАССИФИКАЦИЙ
Индекс З973.202-02я73-1
Код системы
686 ## - ИНДЕКСЫ ДРУГИХ КЛАССИФИКАЦИЙ
Индекс З988.02-02я73-1
686 ## - ИНДЕКСЫ ДРУГИХ КЛАССИФИКАЦИЙ
Индекс З973.202-02я73-1
700 #1 - ИМЯ ЛИЦА - ПЕРВИЧНАЯ ОТВЕТСТВЕННОСТЬ
Код отношения Автор
Материалы, к которым относится поле rus
Графика поля Кириллица
Начальный элемент ввода Степанов
Часть имени, кроме начального элемента ввода А. Н.
Дополнения к именам, кроме дат д-р физ.-мат. наук, информатика
Даты 1949-
Расширение инициалов личного имени Анатолий Николаевич
Идентификатор авторитетной/нормативной записи RU\NLR\auth\7739783
Системный номер авторитетной/нормативной записи 22746
801 #0 - ИСТОЧНИК ЗАПИСИ
Страна российская федерация
Организация РКП
Дата составления 20061222
Правила каталогизации rcr
801 #1 - ИСТОЧНИК ЗАПИСИ
Страна российская федерация
Организация РГБ
Дата составления 20061222
801 #2 - ИСТОЧНИК ЗАПИСИ
Страна российская федерация
Организация NLR
Дата составления 20070209
Правила каталогизации rcr
942 ## - ДОПОЛНИТЕЛЬНЫЕ ЭЛЕМЕНТЫ ЗАПИСИ (АБИС)
Тип экземпляра АБИС Книга
980 ## - КОЛЛЕКЦИЯ
Название коллекции Национальная библиография
Экземпляры
Тип экземпляра Дата поступления Источник поступления Библиотека постоянного хранения Библиотека текущего хранения Место хранения Шифр хранения Штрих-код Статус не для выдачи Стоимость
Книга 09.02.2007 Обязательный экземпляр РНБ (Московский) РНБ (Московский) Русский книжный фонд: издания с 1957 года, 9этаж 2007-7/828 2359186    
Книга 09.02.2007 Обязательный экземпляр РНБ (Московский) РНБ (Московский) Русский книжный фонд: издания с 1957 года, 9этаж 2007-7/828 2359187    
Книга 28.03.2007 Покупка РНБ (Московский) РНБ (Московский) Фонд общего зала литературы по технике Т1 З988.02-02/С-794 1-415366   295.00
Книга 28.03.2007 Покупка РНБ (Садовая) РНБ (Садовая) Универсальный читальный зал У З973.202/С-794 1-288193   295.00